000 00882cab a2200253 4500
001 X4004
008 090401t1997 xxu||||| |||| 00| 0 eng d
035 _a(Sirsi) u78392
041 _aeng
245 4 _aThe Borough of Blaenau Gwent v Robinson Jones Design Partnership (1) and Lock C E Limited (in administration) (2)
260 _c1997
350 _a0
490 _aConstruction Industry Law Letter
_v[1997] CILL 1249
520 _aORC 27 March 1997. Professional negligence - estoppel - amendment - the `same facts` test - continuing duty to report. (Headnote from journal).
650 _aARTIFICIAL LAKES
650 _aCONSULTANT ENGINEERS
650 _aLEISURE FACILITIES
650 _aNEGLIGENCE
650 _aPHYSICAL DAMAGE
650 _aREMEDIAL WORKS
690 _aMANAGEMENT-BUSINESS MANAGEMENT-PROFESSIONAL PRACTICE
942 _n0
948 _c19/05/1997
999 _c49339
_d49339